Statistiken für Die drei Fragezeichen - random Covers

Klicken Sie hier um das Quiz zu spielen!

Allgemein

  • Dieses Quiz wurde 135 mal gespielt
  • Das Durchschnittsergebnis liegt bei 10 aus 20

Antwortstatistiken

Antwort% Korrekt
Codename: Cobra
100%
Das weiße Grab
100%
Der gefiederte Schrecken
100%
Der schwarze Skorpion
100%
Die Gesetzlosen
100%
Die Originalmusik
100%
Die Spur des Raben
100%
Feuriges Auge
100%
Geheimakte Ufo
100%
Im Bann des Drachens
100%
Labyrinth der Götter
100%
Musik des Teufels
100%
Pistenteufel
100%
Schwarze Sonne
100%
Todesflug
100%
und das Bergmonster
100%
und das Gespensterschloss
100%
und das Gold der Wikinger
100%
und das Hexen-Handy
100%
und der Automarder
100%
und der grüne Geist
100%
und der höllische Werwolf
100%
und der Mottenmann
100%
und der Super-Papagei
100%
und der tanzende Teufel
100%
und die Automafia
100%
und die flüsternde Mumie
100%
und die Kammer der Rätsel
100%
und die silberne Spinne
100%
und die singende Schlange
100%
und die Zeitreisende
100%
Wolfsgesicht
100%
Der weiße Leopard
86%
Insel des Vergessens
86%
und der rote Pirat
86%
und die Schattenmänner
86%
Feuermond
83%
Im Haus des Henkers
83%
und das Narbengesicht
83%
und die Poker-Hölle
83%
und der Eisenmann
80%
und der gestohlene Sieg
80%
und der Höhlenmensch
80%
Das Kabinett des Zauberers
75%
Der Nebelberg
75%
Die Höhle des Grauens
75%
Die Karten des Bösen
75%
Die sieben Tore
75%
Gefährliches Quiz
75%
Kreaturen der Nacht
75%
Rufmord
75%
Schüsse aus dem Dunkel
75%
Spuk im Netz
75%
und der grüne Kobold
75%
und der Jadekönig
75%
und der seltsame Wecker
75%
und die bedrohte Ranch
75%
und die Teufelsklippe
75%
Die blutenden Bilder
71%
Die falschen Detektive
71%
Der Mann ohne Kopf
67%
Der namenlose Gegner
67%
Die verschwundene Seglerin
67%
Die Yacht des Verrats
67%
Dopingmixer
67%
Fluch des Piraten
67%
Gefahr im Verzug
67%
Grusel auf Campbell Castle
67%
Insektenstachel
67%
Schatten über Hollywood
67%
Schwarze Madonna
67%
Spuk im Hotel
67%
Stadt der Vampire
67%
Straße des Grauens
67%
und das blaue Biest
67%
und das brennende Schwert
67%
und der Geisterzug
67%
und der gestohlene Preis
67%
und der Hexengarten
67%
und der Karpatenhund
67%
und der magische Kreis
67%
und der Phantomsee
67%
und der schrullige Millionär
67%
und der Super-Wal
67%
und der Teufelsberg
67%
und die Comic-Diebe
67%
Verbrechen im Nichts
67%
Villa der Toten
67%
Das Geheimnis der Diva
60%
Der tote Mönch
60%
Die Spur der Toten
60%
Giftiges Wasser
60%
Im Reich der Ungeheuer
60%
und der rasende Löwe
60%
und der weinende Sarg
60%
Zwillinge der Finsternis
60%
Fußballteufel
57%
und das Aztekenschwert
57%
Botschaft aus der Unterwelt
50%
Das schwarze Monster
50%
Der Feuerteufel
50%
Der finstere Rivale
50%
Der Fluch der Medusa
50%
Der Kristallschädel
50%
Die geheime Treppe
50%
Die verlorene Zeit
50%
Gekaufte Spieler
50%
Haus des Schreckens
50%
Höhenangst
50%
Nacht der Tiger
50%
Nacht in Angst
50%
Schattenwelt
50%
SMS aus dem Grab
50%
Spur ins Nichts
50%
Tatort Zirkus
50%
Toteninsel
50%
und das Geisterschiff
50%
und das Riff der Haie
50%
und das Tuch der Toten
50%
und der Ameisenmensch
50%
und der Doppelgänger
50%
und der giftige Gockel
50%
und der Mann ohne Augen
50%
und der Meister des Todes
50%
und der Schatz im Bergsee
50%
und der unsichtbare Gegner
50%
und der unsichtbare Passagier
50%
und der verschwundene Filmstar
50%
und die brennende Stadt
50%
und die flammende Spur
50%
und die Rache des Tigers
50%
und die Silbermine
50%
und der heimliche Hehler
44%
Der Fluch des Drachen
40%
Die Schwingen des Unheils
40%
Gift per E-Mail
40%
und der lachende Schatten
40%
und der rote Rächer
40%
und der schreiende Nebel
40%
Angriff der Computer-Viren
33%
Das leere Grab
33%
Feuerturm
33%
Geisterbucht
33%
GPS-Gangster
33%
Panik im Park
33%
Schrecken aus dem Moor
33%
Signale aus dem Jenseits
33%
Tauchgang ins Ungewisse
33%
und das Fußballphantom
33%
und das versunkene Dorf
33%
und der letzte Song
33%
und der riskante Ritt
33%
und der Schatz der Mönche
33%
und der Zauberspiegel
33%
und die gefährliche Erbschaft
33%
und die Perlenvögel
33%
und die Rache der Samurai
33%
Vampir im Internet
33%
Dämon der Rache
29%
und das silberne Amulett
29%
Die Rache des Untoten
25%
Doppelte Täuschung
25%
Fußballfieber
25%
Geheimnis des Bauchredners
25%
Im Schatten des Giganten
25%
Im Zeichen der Schlange
25%
Kelch des Schicksals
25%
Manuskript des Satans
25%
Tal des Schreckens
25%
und der Fluch des Rubins
25%
und der unheimliche Drache
25%
und der verschwundene Schatz
25%
und die Fußball-Falle
25%
und die Geisterinsel
25%
und die rätselhaften Bilder
25%
Der Knochenmann
20%
Im Netz des Drachens
20%
Stimmen aus dem Nichts
20%
und das Geheimnis der Särge
20%
und die flüsternden Puppen
20%
und die feurige Stadt
17%
und der Feuergeist
13%
Auf tödlichem Kurs
0%
Botschaft von Geisterhand
0%
Das Auge des Drachens
0%
Das düstere Vermächtnis
0%
Das Erbe des Meisterdiebes
0%
Das rätselhafte Erbe
0%
Der Biss der Bestie
0%
Der dunkle Wächter
0%
Der geheime Schlüssel
0%
Der Geist des Goldgräbers
0%
Der Puppenmacher
0%
Diamantenschmuggel
0%
Die Legende der Gaukler
0%
Die Spur des Spielers
0%
Dreckiger Deal
0%
Fels der Dämonen
0%
Fußball-Gangster
0%
Geheimnisvolle Botschaften
0%
Geister-Canyon
0%
Geisterstadt
0%
Im Auge des Sturms
0%
Im Bann des Voodoo
0%
Im Netz der Lügen
0%
Im Wald der Gefahren
0%
Meuterei auf hoher See
0%
Pfad der Angst
0%
Poltergeist
0%
Schlucht der Dämonen
0%
Schrecken der Tiefe
0%
Skateboardfieber
0%
Späte Rache
0%
Tödliches Eis
0%
Tödliche Spur
0%
und das Phantom aus dem Meer
0%
und das Volk der Winde
0%
und der Geisterbunker
0%
und der sprechende Totenkopf
0%
und der verrückte Maler
0%
und der verschollene Pilot
0%
und die gefährlichen Fässer
0%
und die Musikpiraten
0%
und die schwarze Katze
0%
und die schweigende Grotte
0%
Verdeckte Fouls
0%

Verteilung der Resultate

Perzentil nach korrekt beantworteten Fragen

Anzahl Personen mit jedem Resultat

Ihre Resultats-Entwicklung

Sie haben dieses Quiz noch nicht gespielt